000 00310nam a2200121 a 4500
001 4140
005 20140414131953.0
008 090218s19uu xx 00 eng d
050 _aTR 428.4
_bM11 2004
100 _aMah, May S. M.
245 _aPup in the mud & bug in the mug, series 1-Book 5.
999 _c112836
_d112836